Исследование световой и цветовой чувствительности зрительного анализатора при проведении профилактических медицинских осмотров рабочих, подвергающихся воздействию производственных ядов (Запись № 11960146)

Подробности
000 -МАРКЕР
контрольное поле 01742nam0a2200301 4500
001 - ИДЕНТИФИКАТОР ЗАПИСИ
контрольное поле RU\NLR\BIBL_A\011493858
005 - ИДЕНТИФИКАТОР ВЕРСИИ
контрольное поле 20260408072726.0
035 ## - ДРУГИЕ СИСТЕМНЫЕ НОМЕРА
Идентификатор записи (NLR Aleph) 011493858
100 ## - ДАННЫЕ ОБЩЕЙ ОБРАБОТКИ
Данные общей обработки 20171011d1977 |||y0rusy50 ca
101 0# - ЯЗЫК РЕСУРСА
Язык текста, звукозаписи и т.д. русский
102 ## - СТРАНА ПУБЛИКАЦИИ ИЛИ ПРОИЗВОДСТВА
Страна публикации российская федерация
105 ## - ПОЛЕ КОДИРОВАННЫХ ДАННЫХ: ТЕКСТОВЫЕ МАТЕРИАЛЫ, МОНОГРАФИЧЕСКИЕ
Кодированные данные о монографическом текстовом документе y z 000zy
200 1# - ЗАГЛАВИЕ И СВЕДЕНИЯ ОБ ОТВЕТСТВЕННОСТИ
Основное заглавие Исследование световой и цветовой чувствительности зрительного анализатора при проведении профилактических медицинских осмотров рабочих, подвергающихся воздействию производственных ядов
Сведения, относящиеся к заглавию метод. рекомендации
Первые сведения об ответственности М-во здравоохранения УССР
Последующие сведения об ответственности [разраб. профессорами Р.Д. Габовичем и Т.В. Шлопак, О.М. Жуковским, доц. И.И. Швайко]
210 ## - ПУБЛИКАЦИЯ, РАСПРОСТРАНЕНИЕ И ДР.
Место издания, распространения и т.д. Киев
Имя издателя, распространителя и т. д. [б. и.]
Дата издания, распространения и т.д. 1977
215 ## - ФИЗИЧЕСКАЯ ХАРАКТЕРИСТИКА
Специфическое обозначение материала и объем 15 с.
Размеры 19
606 1# - НАИМЕНОВАНИЕ ТЕМЫ КАК ПРЕДМЕТ
Наименование темы Зрительный анализатор
Формальный подзаголовок Методические пособия
Тематический подзаголовок Патология при профессиональных отравлениях
-- Исследование
Системный номер авторитетной/нормативной записи 2341697
Идентификатор авторитетной/нормативной записи RU\NLR\AUTH\6601623149
686 1# - ИНДЕКСЫ ДРУГИХ КЛАССИФИКАЦИЙ
Индекс Р670.2-4я8
686 1# - ИНДЕКСЫ ДРУГИХ КЛАССИФИКАЦИЙ
Индекс Р419.4,7-267я8
686 1# - ИНДЕКСЫ ДРУГИХ КЛАССИФИКАЦИЙ
Индекс Р11(2)712.0я8
702 #1 - ИМЯ ЛИЦА - ВТОРИЧНАЯ ОТВЕТСТВЕННОСТЬ
Начальный элемент ввода Габович
Часть имени, кроме начального элемента ввода Р.Д.
Даты 1909-
Расширение инициалов личного имени Рафаил Давидович
712 01 - НАИМЕНОВАНИЕ ОРГАНИЗАЦИИ - ВТОРИЧНАЯ ОТВЕТСТВЕННОСТЬ
Код отношения Прочие
Начальный элемент ввода УССР
Структурное подразделение Министерство здравоохранения
Идентификатор авторитетной/нормативной записи RU\NLR\AUTH\8810062839
Системный номер авторитетной/нормативной записи 627233
852 ## - МЕСТОНАХОЖДЕНИЕ И ШИФР ХРАНЕНИЯ
Идентификатор организации NLR
Шифр хранения (Call Number) 77-4/23261
942 ## - ДОПОЛНИТЕЛЬНЫЕ ЭЛЕМЕНТЫ ЗАПИСИ (АБИС)
Тип экземпляра АБИС Книга
980 ## - КОЛЛЕКЦИЯ
Название коллекции Национальная библиография
Экземпляры
Тип экземпляра Дата поступления Библиотека постоянного хранения Библиотека текущего хранения Место хранения Шифр хранения Штрих-код Статус не для выдачи
Книга 18.10.2023 РНБ (Московский) РНБ (Московский) Русский книжный фонд: издания с 1957 года, 9этаж, Хран. 77-4/23261 ERR-298541